000 00284nam a2200109Ia 4500
005 20251222143235.0
008 251222s9999||||xx |||||||||||||| ||spa||
082 _a649.33/M61
245 0 _aInforme Anual 2011
264 _bMinisterio de la Mujer y Poblaciones Vulnerables
942 _cLIB
999 _c14334
_d14334